000 00720nam a2200217Ii 4500
003 JO-AjNU
008 230605s9999||||xx |||||||||||||| ||und||
017 _a2003/1/43
040 _aJO-AjNU
_bara
_erda
_cJO-AjNU
041 _aara
050 1 4 _aK3585.4.H3238.2003
100 3 _a الحديثي ، هالة صلاح ياسين ,
_eauthor
_934988
245 0 0 _aالمسؤولية المدنية الناجمة عن تلوث البيئة
250 _aط1
264 3 1 _aعمان : دار جهينة ، 2003
300 _a226ص
336 _atext
_btxt
_2rdacontent
337 _aunmediated
_bn
_2rdamedia
338 _avolume
_bnc
_2rdacarrier
650 4 _aالتلوث -- التشريعات البيئية
_934989
999 _aA14400
_c17968
_d17968